000 00513nam a2200217Ia 4500
003 OSt
005 20220924145001.0
006 a|||||r|||| 00| 0
007 ta
008 220923b |||||||| |||| 00| 0 per d
024 _a325147
037 _cTextual
040 _aARTS
_cARTS
_bper
041 _2per
_aper
082 _aBd, 164H9
245 0 _aJadd-o-lihai panj paikari
260 _c1949
650 _aMATHEMATICS
_92141
942 _hBd, 164H9
_cTEXL
_2CC
999 _c458837
_d458837